00467nam a2200157Ia 4500008004100000040001900041041001200060082003200072100002300104245004700127260004100174300002400215440003000239650001400269850002600283131103s9999 xx 000 0 und d aLoreto College aEnglish aREF/920/CHA-PEAbLCBED/5786 aPeach, L. Du Grade 4aThe story of Charles IIcL. Du Grade Peach aLoughboroughbWills & Hepworthc1960 a50p.b ill.c 20cm. aAn adventure from history aBiography aLCBED/REF/920/CHA-PEA